Entrada Personal Name
Número de registros utilizados en: 1
001 - CONTROL NUMBER
- control field: 16093
003 - CONTROL NUMBER IDENTIFIER
- control field: DLC
005 - DATE AND TIME OF LATEST TRANSACTION
- control field: 20240815100057.0
008 - FIXED-LENGTH DATA ELEMENTS
- fixed length control field: 800613n| azannaabn |b aaa
010 ## - LIBRARY OF CONGRESS CONTROL NUMBER
- LC control number: n 50021590
016 ## - NATIONAL BIBLIOGRAPHIC AGENCY CONTROL NUMBER
- Record control number: 0015G4249E
035 ## - SYSTEM CONTROL NUMBER
- System control number: (OCoLC)oca00057010
040 ## - CATALOGING SOURCE
- Original cataloging agency: DLC
- Language of cataloging: spa
- Description conventions: rda
- Transcribing agency: Mx-PuUPA
- Modifying agency: DLC
- Modifying agency: NJQ
- Modifying agency: OCoLC
- Modifying agency: IEN
- Modifying agency: DLC
- Modifying agency: CaOONL
- Modifying agency: GVaS
- Modifying agency: ScU
- Modifying agency: DLC
- Modifying agency: Mx-PuUPA
042 ## - AUTHENTICATION CODE
- Authentication code: nlc
046 ## - SPECIAL CODED DATES
- Birth date: 19490825
- Death date: 20230519
- Source of date scheme: edtf
053 #0 - LC CLASSIFICATION NUMBER
- Classification number element--single number or beginning number of span: PR6051.M5
100 1# - HEADING--PERSONAL NAME
- Personal name: Amis, Martin,
- Dates associated with a name: 1949-2023
370 ## - ASSOCIATED PLACE
- Place of birth: Oxford (Inglaterra)
- Associated country: Gran Bretaña
- Source of term: naf
372 ## - FIELD OF ACTIVITY
- Field of activity: Novela
- Field of activity: No ficción creativa
- Field of activity: Autobiografía
- Field of activity: Crítica
- Field of activity: Autoría de películas
- Field of activity: Interino
- Source of term: lcsh
372 ## - FIELD OF ACTIVITY
- Field of activity: Novelas
- Source of term: lcgft
374 ## - OCCUPATION
- Occupation: Autor
- Occupation: Novelista
- Occupation: Crítico
- Occupation: Guionista
- Occupation: Actor
- Source of term: lcsh
375 ## - GENDER
- Gender: hombre
377 ## - ASSOCIATED LANGUAGE
- Language code: eng
400 1# - SEE FROM TRACING--PERSONAL NAME
- Personal name: Ėmis, Martin
- Dates associated with a name: 1949-2023
400 1# - SEE FROM TRACING--PERSONAL NAME
- Personal name: Эмис, Мартин
670 ## - SOURCE DATA FOUND
- Source citation: His The Rachel papers, 1974, c1973.
670 ## - SOURCE DATA FOUND
- Source citation: Nochnoĭ poezd, 2000:
- Information found: t.p. (Martin Ėmis)
670 ## - SOURCE DATA FOUND
- Source citation: Info. converted from 678, 2012-10-02
- Information found: (b. 1949; Oxford)
670 ## - SOURCE DATA FOUND
- Source citation: The rub of time, 2018:
- Information found: title page (Martin Amis)
670 ## - SOURCE DATA FOUND
- Source citation: LAC internal file, december 19, 2019
- Information found: (access point: Amis, Martin; born in Oxford; British)
670 ## - SOURCE DATA FOUND
- Source citation: IMDb, January 17, 2023:
- Information found: (Martin Amis; writer, actor; Born August 25, 1949)
670 ## - SOURCE DATA FOUND
- Source citation: Wikipedia, 22 May 2023:
- Information found: (Martin Louis Amis; b. 25 August 1949; d. 19 May 2023; English novelist, essayist, memoirist, and screenwriter. He is best known for his novels Money (1984) and London Fields (1989). He received the James Tait Black Memorial Prize for his memoir Experience and was twice listed for the Booker Prize (shortlisted in 1991 for Time's Arrow and longlisted in 2003 for Yellow Dog). Amis served as the Professor of Creative Writing at the Centre for New Writing at the University of Manchester from 2007 until 2011. In 2008, The Times named him one of the fifty greatest British writers since 1945)